L'Histoire de la Terre / (Record no. 89768)

MARC details
000 -LEADER
campo de control de longitud fija 00655nam a2200205 i 4500
001 - NÚMERO DE CONTROL
campo de control 89768
003 - IDENTIFICADOR DE NÚMERO DE CONTROL
campo de control ES-MaACL
005 - FECHA Y HORA DE LA ÚLTIMA TRANSACCIÓN
campo de control 20230906180250.0
007 - CAMPO FIJO DE DESCRIPCIÓN FÍSICA--INFORMACIÓN GENERAL
campo de control de longitud fija t|
008 - DATOS DE LONGITUD FIJA--INFORMACIÓN GENERAL
campo de control de longitud fija 050112s1906 fr ||||1| fre d
100 1# - ENTRADA PRINCIPAL--NOMBRE DE PERSONA
Nombre de persona Launay, Louis de (
Fechas asociadas al nombre 1860-1938)
9 (RLIN) 70603
245 12 - MENCIÓN DEL TÍTULO
Título L'Histoire de la Terre /
Mención de responsabilidad, etc. par L. de Launay.
260 ## - PUBLICACIÓN, DISTRIBUCIÓN, ETC.
Lugar de publicación, distribución, etc. Paris :
Nombre del editor, distribuidor, etc. Ernest Flammarion,
Fecha de publicación, distribución, etc. 1906 (
Fabricante Hemmerlé et Cie.)
300 ## - DESCRIPCIÓN FÍSICA
Extensión 312 p. ;
Dimensiones 19 cm.
490 1# - MENCIÓN DE SERIE
Mención de serie Bibliothèque de philosophie scientifique
650 #4 - PUNTO DE ACCESO ADICIONAL DE MATERIA--TÉRMINO DE MATERIA
Término de materia o nombre geográfico como elemento de entrada Tierra (Planeta)-
Subdivisión de forma Historia.
9 (RLIN) 184124
830 0# - PUNTO DE ACCESO ADICIONAL DE SERIE-TÍTULO UNIFORME
Título uniforme Bibliothèque de philosophie scientifique
9 (RLIN) 181135
852 ## - LOCALIZACIÓN
Ubicación ES-MaACL
Número de control de estantería F-6110
Holdings
Estatus retirado Estado de pérdida Estado de daño No para préstamo Biblioteca de origen Biblioteca actual Ubicación en estantería Fecha de adquisición Fuente de adquisición Total de préstamos Signatura topográfica completa Código de barras Visto por última vez Precio de reemplazo Tipo de ítem Koha
        Biblioteca del Ateneo de Madrid Biblioteca del Ateneo de Madrid Depósito 2 17/01/2008     F-6110 1093750 23/02/2023 23/02/2023 Libro impreso